Đồ án môn học thủy công

Guardat en:
Dades bibliogràfiques
Autor principal: BỘ MÔN THỦY CÔNG
Format: Llibre
Idioma:Undetermined
Publicat: Hà Nội Xây Dựng 2001
Matèries:
Etiquetes: Afegir etiqueta
Sense etiquetes, Sigues el primer a etiquetar aquest registre!
Thư viện lưu trữ: Trung tâm Học liệu Trường Đại học Cần Thơ
LEADER 00535nam a2200169Ia 4500
001 CTU_48038
008 210402s9999 xx 000 0 und d
082 |a 627.8 
082 |b Tr561/2001 
100 |a BỘ MÔN THỦY CÔNG 
245 0 |a Đồ án môn học thủy công 
245 0 |c BỘ MÔN THỦY CÔNG, Trường Đại học Thủy lợi 
260 |a Hà Nội 
260 |b Xây Dựng 
260 |c 2001 
650 |a hydraulic engineering 
980 |a Trung tâm Học liệu Trường Đại học Cần Thơ